LEADER 00886nam0-22003371i-450- 001 990003011190403321 010 $a88-15-02033-0 035 $a000301119 035 $aFED01000301119 035 $a(Aleph)000301119FED01 035 $a000301119 100 $a20000920d1988----km-y0itay50------ba 101 0 $aita 102 $aIT 200 1 $aAntitrust$eLeggi monopolistiche e tutela dei consumatori nella CEE e negli USA$fFrancesco Denozza. 210 $aBologna$cIl Mulino$d1988. 215 $a155 p.$d20 cm 225 1 $aStudi e ricerche$v251 676 $aF/1.221 676 $aG/3.22 676 $aL/2.12 676 $aO/1.2431 702 1$aDenozza,$bFrancesco 801 0$aIT$bUNINA$gRICA$2UNIMARC 901 $aBK 912 $a990003011190403321 952 $aG/322 DEN$b7222$fSES 959 $aSES 996 $aAntitrust$9468040 997 $aUNINA DB $aING01 LEADER 01833oam 2200541 450 001 9910715343803321 005 20210511090402.0 035 $a(CKB)5470000002510597 035 $a(OCoLC)1240429012 035 $a(OCoLC)995470000002510597 035 $a(EXLCZ)995470000002510597 100 $a20210304d2020 ua 0 101 0 $aeng 135 $aur||||||||||| 181 $ctxt$2rdacontent 182 $cc$2rdamedia 183 $acr$2rdacarrier 200 10$aAntidepressant use among adults $eUnited States, 2015-2018 /$fDebra J. Brody, and Qiuping Gu 210 1$aHyattsville, MD :$cU.S. Department of Health and Human Services, Centers for Disease Control and Prevention, National Center for Health Statistics,$d2020. 215 $a1 online resource (7 pages, 1 unnumbered page) $ccolor illustrations 225 1 $aNCHS data brief,$x1941-4935 ;$vno. 377 300 $a"September 2020." 300 $a"CS319665." 320 $aIncludes bibliographical references (page 7). 517 $aAntidepressant use among adults 606 $aDepression, Mental$xTreatment 606 $aAntidepressants$zUnited States$vStatistics 606 $aAntidepressants$2fast 606 $aPsychotropic drugs$2fast 607 $aUnited States$2fast 608 $aStatistics.$2fast 608 $aStatistics.$2lcgft 615 0$aDepression, Mental$xTreatment. 615 0$aAntidepressants 615 7$aAntidepressants. 615 7$aPsychotropic drugs. 700 $aBrody$b Debra J.$01405593 702 $aGu$b Qiuping 712 02$aNational Center for Health Statistics (U.S.), 801 0$bGPO 801 1$bGPO 801 2$bOCLCF 801 2$bOCLCO 801 2$bGPO 906 $aBOOK 912 $a9910715343803321 996 $aAntidepressant use among adults$93482515 997 $aUNINA